| 000 | 00398nam a22001697a 4500 | ||
|---|---|---|---|
| 005 | 20160624143741.0 | ||
| 008 | 160624b xxu||||| |||| 00| 0 eng d | ||
| 020 | _a81-229-0176-X | ||
| 041 | _aeng | ||
| 082 | _b9862 | ||
| 100 |
_aWarner, Charles and Buchman, Joseph _92690 |
||
| 245 | _aMedia Selling | ||
| 260 | _bSurjeet | ||
| 300 | _a548 | ||
| 650 |
_aMass Communication _92660 |
||
| 942 | _cBK | ||
| 999 |
_c3875 _d3874 |
||